000 00683nam a22002057a 4500
008 170930s1998 fr||||| |||| 00| 0 fra d
020 _a2858509735
082 0 4 _a777
_bB844a
100 1 _aBreteau Skira, Gisèle.
_95995
245 1 3 _aL'art et l'essai /
_cGisèle Breteau Skira y Anne Coutinot.
250 _a1a edición.
260 _aParís, Francia :
_bCentre National d'Art et de Culture ; Biennale Internationale du Film sur l' Art,
_c1998.
300 _a44 páginas :
_bilustraciones.
653 1 0 _aArte contemporáneo
653 1 0 _aCinematografía
653 1 0 _aCine - Francia
653 1 0 _aCineastas
653 1 0 _aEventos artísticos
700 1 _aCoutinot, Anne.
_95996
999 _c1295
_d1295